000
00320nam a22001337a 4500
999
_c
12900
_d
12900
020
_a
9781760421014
082
_a
621.3
100
_a
Jenneson,Jim
245
_a
Electrical Principles for the Electrical Trades
250
_a
7th edition
260
_a
Australia
_b
McGraw-Hill
_c
2018
300
_a
485 pages.
942
_c
BK